Novely zákona o dani z príjmov prehľad právnych noriem s účinnosťou od 1. januára 2020
Schválenie zákonov Národnou radou Slovenskej republiky v priebehu roka 2019 a vyplývajúce zmeny a doplnenia zákona č. 595/2003 Z. z. o dani z príjmov v znení neskorších predpisov. Vybrané zmeny pravidiel a podmienok zdaňovania príjmov daňovníkov v podmienkach SR účinných po 1. januári 2020. Prehľad...
Guardado en:
| Autor principal: | |
|---|---|
| Otros Autores: | |
| Formato: | Capítulo de libro |
| Lenguaje: | eslovaco |
| Materias: | |
| Etiquetas: |
Sin Etiquetas, Sea el primero en etiquetar este registro!
|
MARC
| LEADER | 00000naa a2200000 4500 | ||
|---|---|---|---|
| 001 | 0271270 | ||
| 005 | 20240502074250.5 | ||
| 041 | 0 | |a slo | |
| 044 | |a SK | ||
| 245 | 1 | 0 | |a Novely zákona o dani z príjmov prehľad právnych noriem s účinnosťou od 1. januára 2020 |
| 520 | |a Schválenie zákonov Národnou radou Slovenskej republiky v priebehu roka 2019 a vyplývajúce zmeny a doplnenia zákona č. 595/2003 Z. z. o dani z príjmov v znení neskorších predpisov. Vybrané zmeny pravidiel a podmienok zdaňovania príjmov daňovníkov v podmienkach SR účinných po 1. januári 2020. Prehľad právnych noriem, ktoré tieto zmeny vyvolali. | ||
| 610 | 2 | 0 | |a účtovníctvo |
| 610 | 2 | 0 | |a právo daňové |
| 610 | 2 | 0 | |a zákony |
| 610 | 2 | 0 | |a novelizácia |
| 610 | 2 | 0 | |a normy právne |
| 610 | 2 | 0 | |a dane z príjmov |
| 610 | 2 | 0 | |a daňovníci |
| 100 | 1 | |a Vašeková, Miroslava, 1978- | |
| 700 | 1 | |a Mateášová, Martina, 1979- | |